[Event "AUTO-OPEN-3023"]
[Site "http://www.queenalice.com/game.php?id=1195322"]
[Date "2013.6.29"]
[Round "1"]
[White "eget"]
[Black "Gonma"]
[Result "0-1"]
[WhiteElo "1796"]
[BlackElo "1996"]

1. e4 g6 2. d4 Bg7 3. Nc3 c5 4. Nf3 cxd4 5. Nxd4 Nc6 6. Be3 Nf6 7. Bc4 O-O 8.
Bb3 d6 9. f3 Bd7 10. Qd2 Ne5 11. O-O-O Rc8 12. h4 h5 13. Qe2 a6 14. Kb1 b5 15.
Bg5 Nc4 16. Qf2 Nh7 17. g4 hxg4 18. Nd5 Re8 19. fxg4 Bxg4 20. Rdf1 Nf6 21. c3
Bh5 22. Rhg1 Kh7 23. Bxf6 exf6 24. Bxc4 bxc4 25. Nf4 Rc5 26. Nf5 Rxe4 27. Ng3
Rxf4 28. Qxf4 g5 29. Qd4 Bg6+ 30. Ka1 f5 31. Qd1 gxh4 32. Nxf5 Qa5 33. Rxg6 fxg6
34. Nxg7 Kxg7 35. Qd4+ Re5 36. Qxh4 Qd5 37. Qf6+ Kh7 38. Qh4+ Kg7 39. Qf6+ Kh7
40. Qh4+ Kg7 41. a3 Qe6 42. Ka2 Rf5 43. Qd4+ Qf6 44. Qa7+ Qf7 45. Qd4+ Qf6 46.
Qa7+ Qf7 47. Qd4+ Qf6 48. Qxf6+ Kxf6 49. Rd1 d5 50. Rh1 g5 51. Rh6+ Ke5 52. Rxa6
Kf4 53. b3 cxb3+ 54. Kxb3 g4 55. a4 g3 56. Re6 g2 57. Re1 Kf3 58. a5 Rg5 59. Ka4
g1=Q 60. Rxg1 Rxg1 61. a6 Ra1+ 62. Kb5 Ra3 63. Kb6 Rxc3 64. a7 Ra3 65. Kb7 d4
66. a8=Q Rxa8 67. Kxa8 d3 68. Kb7 d2 69. Ka8 d1=Q 70. Kb7 Qc2 71. Ka8 Qb3 72.
Ka7 Ke4 73. Ka6 Kd4 74. Ka5 Kc5 75. Ka6 Qb6# 0-1

[Event "AUTO-OPEN-3023"]
[Site "http://www.queenalice.com/game.php?id=1195323"]
[Date "2013.6.29"]
[Round "1"]
[White "Gonma"]
[Black "eget"]
[Result "1-0"]
[WhiteElo "1839"]
[BlackElo "1702"]

1. e4 c5 2. Nf3 d6 3. d4 cxd4 4. Nxd4 Nf6 5. Nc3 a6 6. Be3 e5 7. Nb3 Be6 8. f3
Be7 9. Qd2 O-O 10. O-O-O Nbd7 11. g4 b5 12. g5 b4 13. Ne2 Ne8 14. f4 a5 15. f5
a4 16. Nbd4 exd4 17. Nxd4 b3 18. Kb1 bxa2+ 19. Ka1 Ne5 20. fxe6 f6 21. h4 a3 22.
b3 g6 23. h5 fxg5 24. hxg6 Nxg6 25. Nf5 Bf6+ 26. Kxa2 Kh8 27. Bc4 Ng7 28. Rxh7+
Kxh7 29. e7 Bxe7 30. Rh1+ Nh4 31. Nxe7 Qxe7 32. Bxg5 Qe5 33. Rxh4+ Nh5 34. Rxh5+
Kg6 35. Rh6+ Kg7 36. c3 Qxe4 37. Rh3 Qf5 38. Bh6+ Kh7 39. Bxf8+ Qxh3 40. Qc2+
Kh8 41. Qf2 Ra7 42. Qd4+ Kh7 43. Qxa7+ Kg6 44. Qf7+ Kg5 45. Be7+ Kh6 46. Qf6+
Kh7 47. Bg8+ Kxg8 48. Qg6+ 1-0

[Event "AUTO-OPEN-3023"]
[Site "http://www.queenalice.com/game.php?id=1195346"]
[Date "2013.6.29"]
[Round "1"]
[White "Gonma"]
[Black "amarkin"]
[Result "1/2-1/2"]
[WhiteElo "1971"]
[BlackElo "2367"]

1. e4 e5 2. Nf3 Nc6 3. Bb5 Nf6 4. O-O Nxe4 5. d4 Nd6 6. Bxc6 dxc6 7. dxe5 Nf5 8.
Qxd8+ Kxd8 9. Nc3 Ke8 10. Rd1 h6 11. h3 Be7 12. a4 Nh4 13. Nxh4 Bxh4 14. Ne2 a6
15. Be3 Bf5 16. Nd4 Be4 17. c3 Be7 18. b4 a5 19. bxa5 Rxa5 20. c4 g5 21. f3 Bg6
22. Nb3 Ra8 23. Ra2 Bb4 24. a5 Bf5 25. Kf2 Ke7 26. Nd4 Bd7 27. Nc2 Bc3 28. Bc5+
Ke8 29. Bd4 Bxd4+ 30. Nxd4 Ke7 31. Rda1 c5 32. Nb3 b6 33. Ke3 Rhb8 34. Nc1 Rb7
35. axb6 Rxa2 36. Rxa2 cxb6 37. Rb2 Be6 38. Nd3 1/2-1/2

[Event "AUTO-OPEN-3023"]
[Site "http://www.queenalice.com/game.php?id=1195347"]
[Date "2013.6.29"]
[Round "1"]
[White "amarkin"]
[Black "Gonma"]
[Result "1-0"]
[WhiteElo "2297"]
[BlackElo "1904"]

1. e4 g6 2. c4 Bg7 3. d4 c5 4. d5 d6 5. Nc3 Nf6 6. Bd3 O-O 7. Nf3 e6 8. O-O exd5
9. exd5 Bg4 10. h3 Bxf3 11. Qxf3 Nbd7 12. Qd1 Re8 13. Bg5 Qb6 14. Qc2 Ne5 15.
Be2 Re7 16. f4 Ned7 17. f5 Rae8 18. Rab1 a6 19. Rf4 Re5 20. Rbf1 Nh5 21. Bxh5
gxh5 22. R4f3 h6 23. f6 hxg5 24. fxg7 f6 25. Rxf6 Nxf6 26. Rxf6 R5e7 27. Rh6
Rxg7 28. Ne4 Rf8 29. Nxd6 Qc7 30. Nf5 Qf4 31. Nxg7 Qd4+ 32. Kh2 Qe5+ 33. g3 Qxg7
34. Rxh5 1-0

[Event "AUTO-OPEN-3023"]
[Site "http://www.queenalice.com/game.php?id=1195348"]
[Date "2013.6.29"]
[Round "1"]
[White "Gonma"]
[Black "yugioh1"]
[Result "1-0"]
[WhiteElo "1701"]
[BlackElo "1591"]

1. e4 e5 2. Nf3 Nc6 3. Bb5 Bc5 4. O-O d6 5. c3 Nf6 6. d4 exd4 7. cxd4 Bb6 8. d5
a6 9. Ba4 Bd7 10. dxc6 Bxc6 11. Bxc6+ bxc6 12. Bg5 O-O 13. Nc3 h6 14. Bxf6 Qxf6
15. Qa4 g5 16. Qxc6 Rab8 17. Rab1 g4 18. Nd5 Qg6 19. Ne7+ Kh7 20. Nxg6 fxg6 21.
Qd7+ Kh8 22. Qxg4 g5 23. h4 Rf4 24. Qh5 Ba5 25. Qxh6+ Kg8 26. Qxg5+ Kh8 27. Qxf4
Rg8 28. Qg4 Rxg4 29. b4 Bb6 30. a4 a5 31. bxa5 Bxa5 32. Rb5 Rxe4 33. Rxa5 c5 34.
Rd1 c4 35. Ng5 Rxh4 36. Rxd6 c3 37. Ra8+ Kg7 38. Ra7+ Kf8 39. Rd8# 1-0

[Event "AUTO-OPEN-3023"]
[Site "http://www.queenalice.com/game.php?id=1195349"]
[Date "2013.6.29"]
[Round "1"]
[White "yugioh1"]
[Black "Gonma"]
[Result "0-1"]
[WhiteElo "1439"]
[BlackElo "1500"]

1. d4 g6 2. c4 Bg7 3. Nc3 c5 4. d5 Bxc3+ 5. bxc3 f5 6. Nf3 Qa5 7. Bb2 d6 8. e3
Nd7 9. Bd3 Ngf6 10. O-O O-O 11. Qc2 Nb6 12. Rfe1 Qa4 13. Qxa4 Nxa4 14. Rab1 Ne4
15. Bxe4 fxe4 16. a3 exf3 17. gxf3 Rxf3 18. Kg2 Bg4 19. Bc1 Raf8 20. Rxb7 Rxf2+
21. Kg3 Bc8 22. Rxe7 R8f3+ 23. Kh4 Rh3+ 24. Kg5 Rh5# 0-1

[Event "Challenge"]
[Site "http://www.queenalice.com/game.php?id=1195987"]
[Date "2013.7.1"]
[Round "-"]
[White "mysticchess"]
[Black "Gonma"]
[Result "0-1"]
[WhiteElo "1908"]
[BlackElo "1500"]

1. e4 g6 2. d3 Bg7 3. c3 c5 4. Nf3 Nf6 5. h3 Nc6 6. Nbd2 O-O 7. Be2 b6 8. e5 Nd5
9. Nb3 Bb7 10. d4 cxd4 11. cxd4 d6 12. exd6 Qxd6 13. O-O Rac8 14. Bd2 Nf4 15.
Bxf4 Qxf4 16. Qd3 Rfd8 17. Rad1 Nb4 18. Qd2 Qxd2 19. Rxd2 Bh6 20. Rdd1 Rc2 21.
Nfd2 Rxb2 22. Bc4 Rc8 23. Rc1 Bxd2 24. Nxd2 Rxd2 25. Bb3 Rxd4 26. Rce1 e6 27. f3
Bd5 28. Re2 Bxb3 29. axb3 Rc3 30. Kh2 Rxb3 31. Rc1 Nd5 32. Rec2 a5 33. Rc8+ Kg7
34. Rd8 a4 35. g4 Rxf3 36. Rc2 a3 37. g5 Nb4 38. Rxd4 Nxc2 39. Ra4 b5 40. Re4
Ne3 41. Rb4 a2 0-1

[Event "Challenge"]
[Site "http://www.queenalice.com/game.php?id=1204419"]
[Date "2013.8.1"]
[Round "-"]
[White "sunking1"]
[Black "Gonma"]
[Result "0-1"]
[WhiteElo "1464"]
[BlackElo "1613"]

1. d4 Nf6 2. d5 e6 3. c4 exd5 4. cxd5 Bb4+ 5. Bd2 Nxd5 6. e4 Qe7 7. Qe2 Bxd2+ 8.
Nxd2 Nb4 9. Nc4 d5 10. exd5 Nc2+ 11. Kd1 Nxa1 12. Qxe7+ Kxe7 13. Nf3 Rd8 14. Kc1
Rxd5 15. Be2 Nc6 16. Rd1 Rxd1+ 17. Bxd1 Be6 18. Be2 Nb4 19. Nfe5 f6 20. Nd3
Nxa2+ 21. Kb1 Nb3 22. Kxa2 Bxc4 23. Nf4 Nc1+ 24. Ka3 Nxe2 25. g3 Nxf4 26. gxf4
Rd8 27. b3 Rd3 28. Kb4 Bd5 29. Ka3 Rxb3+ 30. Ka4 c5 0-1

[Event "QUEROSENE DE AVIAÇÃO XII"]
[Site "http://www.queenalice.com/game.php?id=1205656"]
[Date "2013.8.6"]
[Round "-"]
[White "rogeriooliveira"]
[Black "Gonma"]
[Result "0-1"]
[WhiteElo "1344"]
[BlackElo "1692"]

1. e4 c5 2. d4 cxd4 3. Qxd4 Nc6 4. Qd5 Nf6 5. Qd3 d5 6. exd5 Nxd5 7. c4 Qa5+ 8.
Bd2 Ndb4 9. Bxb4 Nxb4 10. Qd2 Nc2+ 11. Kd1 Qxd2+ 12. Kxd2 Bf5 13. Bd3 Bxd3 14.
Kxd3 Nxa1 15. Nd2 Rd8+ 16. Kc3 g6 17. Ngf3 Bg7+ 18. Kb4 Bxb2 19. Nb3 Nc2+ 20.
Ka4 Rd6 21. c5 Ra6+ 22. Na5 O-O 23. Rb1 Bc3 24. Ne5 Rxa5+ 25. Kb3 Na3 26. Rc1
Bxe5 27. c6 bxc6 28. Kb4 Ra6 29. g3 Rb8+ 30. Kc5 Rb5# 0-1

[Event "QUEROSENE DE AVIAÇÃO XIII"]
[Site "http://www.queenalice.com/game.php?id=1205657"]
[Date "2013.8.6"]
[Round "-"]
[White "rogeriooliveira"]
[Black "Gonma"]
[Result "0-1"]
[WhiteElo "1358"]
[BlackElo "1676"]

1. e4 c5 2. d4 cxd4 3. Qxd4 Nf6 4. Nc3 Nc6 5. Qd3 e6 6. Bg5 Bc5 7. Bxf6 Qxf6 8.
f3 d6 9. O-O-O O-O 10. Nh3 a6 11. Be2 Ne5 12. Qd2 b5 13. Nb1 b4 14. g3 Nxf3 15.
Bxf3 Qxf3 16. Rdf1 Qxe4 17. Re1 Qc6 18. Rhg1 Bxg1 19. Nxg1 a5 20. b3 e5 21. Re2
Bf5 22. a3 a4 23. bxa4 Rfc8 24. axb4 Qxa4 25. c3 Qxb4 26. Qd1 Rxc3+ 27. Nxc3
Qxc3+ 28. Qc2 Ra1# 0-1

[Event "Challenge"]
[Site "http://www.queenalice.com/game.php?id=1219263"]
[Date "2013.9.23"]
[Round "-"]
[White "Gonma"]
[Black "Andrei_78"]
[Result "1-0"]
[WhiteElo "1742"]
[BlackElo "1776"]

1. e4 e5 2. Nf3 h6 3. Nxe5 d6 4. Nf3 Bg4 5. h3 Be6 6. d4 a6 7. Bd3 Nf6 8. O-O
Be7 9. c4 O-O 10. Nc3 c6 11. Re1 Nbd7 12. d5 cxd5 13. exd5 Bxd5 14. cxd5 Ne8 15.
Qe2 Nef6 16. Qxe7 Ne5 17. Qxd8 Raxd8 18. Nxe5 dxe5 19. Rxe5 b5 20. b4 Kh8 21. a4
Nd7 22. Re4 Nf6 23. Rd4 bxa4 24. Rxa4 Rd6 25. Bf4 Rb6 26. Bc7 Rb7 27. d6 Ra8 28.
b5 Nd7 29. Be4 Nc5 30. Bxb7 Nxb7 31. bxa6 Nc5 32. d7 Ne6 33. d8=Q+ Nxd8 34.
Rxd8+ Rxd8 35. Bxd8 Kh7 36. a7 f6 37. a8=Q 1-0

[Event "Challenge"]
[Site "http://www.queenalice.com/game.php?id=1228364"]
[Date "2013.10.29"]
[Round "-"]
[White "Gonma"]
[Black "Vladimir"]
[Result "1-0"]
[WhiteElo "1865"]
[BlackElo "1893"]

1. e4 e5 2. Nf3 Nc6 3. Bb5 d6 4. d4 exd4 5. Nxd4 Bd7 6. Nc3 Nxd4 7. Bxd7+ Qxd7
8. Qxd4 c5 9. Qc4 Nf6 10. O-O g6 11. Rd1 Qc6 12. Nd5 Nxd5 13. exd5 Qd7 14. Re1+
Be7 15. Bg5 O-O 16. Rxe7 Qf5 17. Bh6 Rfe8 18. Qc3 f6 19. Qe3 Qxd5 20. Rxe8+ 1-0

[Event "Gon1"]
[Site "http://www.queenalice.com/game.php?id=1228961"]
[Date "2013.11.1"]
[Round "-"]
[White "Gonma"]
[Black "Equiferus"]
[Result "1-0"]
[WhiteElo "1797"]
[BlackElo "1777"]

1. e4 Nc6 2. Nf3 g6 3. d4 e6 4. d5 exd5 5. exd5 Nce7 6. Qd4 f6 7. Bd3 Nf5 8.
Bxf5 gxf5 9. O-O d6 10. Re1+ Be7 11. Nc3 h6 12. Qd3 a6 13. Nd4 c5 14. dxc6 bxc6
15. Nxc6 Qc7 16. Nxe7 Kf7 17. Nxg8 Rxg8 18. Qd5+ 1-0

[Event "Challenge"]
[Site "http://www.queenalice.com/game.php?id=1230933"]
[Date "2013.11.8"]
[Round "-"]
[White "Gonma"]
[Black "AlekinePb"]
[Result "1-0"]
[WhiteElo "1951"]
[BlackElo "1846"]

1. e4 e6 2. d4 d5 3. Nc3 Bb4 4. e5 c5 5. a3 Bxc3+ 6. bxc3 Qc7 7. Nf3 cxd4 8.
cxd4 Nc6 9. Be2 Nge7 10. O-O O-O 11. a4 Nf5 12. Ba3 Re8 13. g4 Nfe7 14. Bd6 Qa5
15. Qd3 Nb4 16. Qb5 Qxb5 17. axb5 a5 18. Bxb4 a4 19. Ra3 Ng6 20. Rfa1 Nf4 21.
Bf1 Bd7 22. Rxa4 Rxa4 23. Rxa4 Rc8 24. Ra7 h5 25. gxh5 Nxh5 26. Rxb7 Be8 27. Re7
Nf4 28. b6 Ng6 29. Ra7 Rb8 30. b7 Bc6 31. Ba6 Kh7 32. Bd6 Rh8 33. Ng5+ 1-0

[Event "Challenge"]
[Site "http://www.queenalice.com/game.php?id=1230934"]
[Date "2013.11.8"]
[Round "-"]
[White "AlekinePb"]
[Black "Gonma"]
[Result "0-1"]
[WhiteElo "1846"]
[BlackElo "1903"]

1. d4 Nf6 2. c4 e6 3. Nf3 b6 4. Bg5 Bb7 5. Nc3 Be7 6. e3 O-O 7. Bd3 d5 8. O-O
Nbd7 9. a3 h6 10. Bh4 c5 11. dxc5 Nxc5 12. cxd5 Nxd5 13. Bxe7 Qxe7 14. Nxd5 Bxd5
15. Nd4 Rad8 16. Rc1 e5 17. Nf5 Qg5 18. Ng3 Nxd3 19. Qxd3 Bxg2 20. Qa6 Bxf1 21.
Kxf1 Qf6 22. Qxa7 Qf3 23. Qxb6 Rd2 24. e4 Rfd8 25. a4 Rd1+ 0-1

[Event "Challenge"]
[Site "http://www.queenalice.com/game.php?id=1231872"]
[Date "2013.11.12"]
[Round "-"]
[White "Gonma"]
[Black "Equiferus"]
[Result "1-0"]
[WhiteElo "1930"]
[BlackElo "1829"]

1. e4 Nf6 2. e5 Nd5 3. d4 d6 4. Nf3 g6 5. Bc4 Nb6 6. Bb3 dxe5 7. Nxe5 e6 8. Nc3
Bg7 9. Ne4 Bxe5 10. dxe5 Qxd1+ 11. Kxd1 O-O 12. Bh6 Rd8+ 13. Ke2 Nc6 14. Rhd1
Bd7 15. Bg5 Rf8 16. Nf6+ Kh8 17. Nxd7 Nxd7 18. Rxd7 Rac8 19. Rad1 Kg7 20. Bf6+
Kg8 21. Ke3 h5 22. Ke4 Kh7 23. Bxe6 Kg8 24. Rxf7 Rce8 25. Re7+ 1-0

[Event "Challenge"]
[Site "http://www.queenalice.com/game.php?id=1239079"]
[Date "2013.12.10"]
[Round "-"]
[White "leoskye"]
[Black "Gonma"]
[Result "0-1"]
[WhiteElo "1929"]
[BlackElo "2042"]

1. d4 Nf6 2. c4 d6 3. Nc3 g6 4. e4 Bg7 5. f3 O-O 6. Be3 Nc6 7. Qd2 a6 8. Bd3 e5
9. d5 Nd4 10. Bxd4 exd4 11. Nd1 c5 12. Ne2 Nd7 13. f4 b5 14. b3 Bh6 15. O-O Ne5
16. Qc2 Nxd3 17. Qxd3 Re8 18. g3 Qe7 19. Nf2 f5 20. e5 dxe5 21. fxe5 Qxe5 22.
Rae1 Bd7 23. Nf4 Qxe1 24. Rxe1 Rxe1+ 25. Kg2 Bxf4 26. gxf4 Rae8 27. Qg3 R1e3 28.
Qh4 bxc4 29. bxc4 Kg7 30. Nh3 d3 31. Ng5 h6 32. Nf3 Rxf3 33. Kxf3 d2 0-1

[Event "AUTO-OPEN-3023"]
[Site "http://www.queenalice.com/game.php?id=1240343"]
[Date "2013.12.15"]
[Round "2"]
[White "jalhallib"]
[Black "Gonma"]
[Result "0-1"]
[WhiteElo "1936"]
[BlackElo "2026"]

1. e4 e6 2. d4 d5 3. e5 c5 4. Bb5+ Bd7 5. Bxd7+ Nxd7 6. Nf3 Ne7 7. c3 Nc6 8. O-O
Be7 9. Bf4 O-O 10. h3 Qb6 11. b3 Rac8 12. a4 cxd4 13. cxd4 Rc7 14. Na3 a6 15.
Be3 Rfc8 16. Qb1 Na5 17. Ng5 Bxg5 18. Bxg5 Qxd4 19. Be3 Qb4 20. Qb2 Qxb3 21. Qd4
Nc6 22. Qg4 Ndxe5 23. Qg3 Qxa4 24. Bh6 f6 25. Bf4 Nd4 26. Bxe5 Ne2+ 27. Kh2 Nxg3
28. Bxg3 Rc3 29. Bd6 R8c6 30. Be7 Kf7 31. Bd8 Ke8 32. Bxf6 gxf6 33. Rfe1 Qf4+
34. Kg1 Rc1 35. g3 Rxe1+ 36. Rxe1 Qd2 37. Rb1 Rc1+ 38. Kg2 Rxb1 39. Nxb1 Qb2 0-1

[Event "AUTO-OPEN-3023"]
[Site "http://www.queenalice.com/game.php?id=1240344"]
[Date "2013.12.15"]
[Round "2"]
[White "Gonma"]
[Black "jalhallib"]
[Result "1-0"]
[WhiteElo "2007"]
[BlackElo "1944"]

1. d4 d5 2. c4 e6 3. Nc3 Bb4 4. Nf3 h6 5. e3 Bxc3+ 6. bxc3 Nf6 7. Ba3 Nc6 8. Bd3
dxc4 9. Bxc4 Nd5 10. O-O Nxc3 11. Qc2 Nd5 12. e4 Nde7 13. d5 Na5 14. Qa4+ c6 15.
dxe6 Bxe6 16. Bxe6 fxe6 17. Rfd1 Qc7 18. Bd6 Qb6 19. Rab1 Qa6 20. Bxe7 Kxe7 21.
Qa3+ Kf6 22. Rd7 Rhe8 23. Qd6 Nc4 24. Qf4+ Kg6 25. Qf7+ 1-0

[Event "AUTO-OPEN-3023"]
[Site "http://www.queenalice.com/game.php?id=1252443"]
[Date "2014.1.30"]
[Round "3"]
[White "fontaine"]
[Black "Gonma"]
[Result "1-0"]
[WhiteElo "2631"]
[BlackElo "2057"]

1. e4 c5 2. Nf3 d6 3. c3 Nf6 4. Be2 Bd7 5. Qc2 Qc7 6. O-O g6 7. d3 Bg7 8. h3 O-O
9. Be3 Nc6 10. Nbd2 Rac8 11. Rac1 e5 12. b4 cxb4 13. cxb4 b5 14. Qb2 Rfe8 15.
Bd1 Qd8 16. a4 a6 17. Re1 d5 18. Bg5 d4 19. axb5 axb5 20. Rc5 Qb6 21. Bb3 h6 22.
Bxf6 Bxf6 23. Bd5 Ne7 24. Rec1 Red8 25. Nb3 1-0

[Event "AUTO-OPEN-3023"]
[Site "http://www.queenalice.com/game.php?id=1252444"]
[Date "2014.1.30"]
[Round "3"]
[White "Gonma"]
[Black "fontaine"]
[Result "0-1"]
[WhiteElo "2057"]
[BlackElo "2633"]

1. e4 c6 2. d4 d5 3. e5 Bf5 4. Nf3 e6 5. a3 Nd7 6. Nbd2 Ne7 7. Nh4 c5 8. c3 Be4
9. Nxe4 dxe4 10. g3 Nc6 11. d5 Ncxe5 12. dxe6 fxe6 13. f4 exf3 14. Nxf3 Qc7 15.
Bf4 O-O-O 16. Bh3 Nxf3+ 17. Qxf3 Bd6 18. O-O-O Bxf4+ 19. gxf4 Rhe8 20. Rhe1 Nf8
21. Rxd8+ Rxd8 22. Bxe6+ Nxe6 23. Rxe6 Qd7 24. Re5 Qd2+ 0-1